| 000 | 01471nam0a22002771 4500 | ||
|---|---|---|---|
| 001 | v19\rc\1296476 | ||
| 005 | 20260405093423.0 | ||
| 035 | _a(NLR Aleph) 005193956 | ||
| 090 |
_a5241712 _c5241712 |
||
| 100 | _a20060306d1863 |||y0rusy50 ca | ||
| 101 | 1 |
_arus _cfre |
|
| 102 | _aRU | ||
| 105 | _ay z ||||| | ||
| 200 | 1 |
_aПопулярная гигиена и физиология беременной женщины и новорожденного младенца _eНеобходимая книга для всех женщин, в которой рассматриваются: беременность, выкидыш, пища и содержание, как матери, так и новорожденного, отнятие его от груди, прорезывание первых зубов и меры, которые должно предпринять в каждом случае _fСоч. А. Дебэ _gПер. с фр. д-ра Ландсберга |
|
| 210 |
_aСанкт-Петербург _cД.Ф. Федоров _d1863 |
||
| 215 |
_a[4], 156, IV с. _d17 |
||
| 700 | 1 |
_8rus _7ca _aДебе _bО. _f1802-1890 _gОгюст _3RU\NLR\AUTH\7734353 _917357 |
|
| 702 | 1 |
_aЛандсберг _4730 |
|
| 801 | 0 |
_aRU _bNLR _c20060306 _gpsbo |
|
| 801 | 0 |
_aRU _bRuMoRGB _c20060306 _2psbo |
|
| 801 | 1 |
_aRU _bProSoft-M _c20060306 _2rusmarc |
|
| 801 | 2 |
_aRU _bNLR _c20121119 _2rusmarc |
|
| 852 |
_aNLR _bМф _jК1/6474 |
||
| 852 |
_aNLR _j18.7.7.26 |
||
| 942 | _cBOOK | ||
| 980 | _aNB | ||